000 00395 a2200169 4500
001 183547
020 _a85-250-3297-2
040 _cMagnum
100 _aSousa, Maurício de
240 1 0 _aManual de brincadeiras da mônica
_lpor
245 1 0 _aManual de brincadeiras da mônica
300 _a225
362 0 _a2002
440 1 _aGlobo
697 _aLITERATURA INFANTO-JUVENIL
942 _cBK
999 _c183547
_d183547